Špecifiká ohodnocovania bánk
Charakteristika banky ako finančnej inštitúcie (Zákon č. 483/2001 Z. z. o bankách a o zmene a doplnení niektorých zákonov v znení neskorších predpisov). Prístupy pri ohodnocovaní banky – majetkový prístup, trhové porovnanie, výnosové ohodnotenie. Finančná analýza banky pri ohodnocovaní podnikov jej...
Uložené v:
| Hlavný autor: | |
|---|---|
| Médium: | Kapitola |
| Jazyk: | Slovak |
| Predmet: | |
| Tagy: |
Žiadne tagy, Buďte prvý, kto otaguje tento záznam!
|
MARC
| LEADER | 00000naa$a2200000$$$4500 | ||
|---|---|---|---|
| 001 | 0049179 | ||
| 005 | 20240502071551.6 | ||
| 041 | 0 | |a slo | |
| 044 | |a SK | ||
| 245 | 1 | 0 | |a Špecifiká ohodnocovania bánk |c Miroslav Jakubec |
| 520 | |a Charakteristika banky ako finančnej inštitúcie (Zákon č. 483/2001 Z. z. o bankách a o zmene a doplnení niektorých zákonov v znení neskorších predpisov). Prístupy pri ohodnocovaní banky – majetkový prístup, trhové porovnanie, výnosové ohodnotenie. Finančná analýza banky pri ohodnocovaní podnikov jej cieľ, ukazovatele a ich porovnanie. Postup stanovenia odčerpateľných zdrojov pri ohodnocovaní banky. Disponibilný peňažný príjem ako odčerpateľný zdroj. Metódy stanovenia úrokovej miery. Metóda vážených priemerných nákladov kapitálu (WACC – Weighteed average cost of capital). Model založený na oceňovaní kapitálových aktív (CAMP – Capital asset pricing model). | ||
| 610 | 2 | 0 | |a riziko trhové |
| 610 | 2 | 0 | |a trh kapitálový |
| 610 | 2 | 0 | |a miera úroková |
| 610 | 2 | 0 | |a zdroje finančné |
| 610 | 2 | 0 | |a ukazovatele |
| 610 | 2 | 0 | |a analýza finančná |
| 610 | 2 | 0 | |a hodnota |
| 610 | 2 | 0 | |a inštitúcia |
| 610 | 2 | 0 | |a banky |
| 100 | 1 | |a Jakubec, Miroslav | |